00467nam a22001697a 45000050016000000100014000160200026000300350013000560350013000690370013000820820010000951000016001052450045001212600038001662700071002043000022002752010072603083.0 aENG-97040 a9788190844413c300.00 aEN-80573 aG-001693 bDBAD/PUB a540.3 aGupta, P.K. aDictionary of chemistry /cby P.K. Gupta aNew DelhibSun Flower Booksc2009 a4760-61, IInd Floor, 23, Ansari Road, DaryaganjbNew Delhie110002 a180p.c22cm. (Hb)